Religion in Norway - Statistics

General Stats
  • This quiz has been taken 43 times
  • The average score is 4 of 11
Answer Stats
Percentage Religion % Correct
3.41% Islam
88%
0.40% Buddhism
59%
18.32% No Religion
47%
3.08% Catholic Church
38%
0.53% Eastern Orthodox/ Oriental Orthodox
35%
0.36% Evangelical Lutheran Free Church
29%
68.68% Evangelical Lutheran Church of Norway
26%
0.39% Other Religions
24%
2.21% Other Christian denominations
3%
0.76% Pentecostal Congregations
3%
1.85% Secular Humanism
3%
No matching quizzes found
Score Distribution
Percent of People with Each Score
Percentile by Number Answered
Your Score History
You have not taken this quiz